| 000 | 00665nam a2200253Ia 4500 | ||
|---|---|---|---|
| 003 | OSt | ||
| 005 | 20220918173757.0 | ||
| 006 | a|||||r|||| 00| 0 | ||
| 007 | ta | ||
| 008 | 220917b |||||||| |||| 00| 0 eng d | ||
| 024 | _a8,257 | ||
| 037 | _cTextual | ||
| 040 |
_aARTS _cARTS _beng |
||
| 041 |
_2eng _aeng |
||
| 082 | _a24g, M2 (2D) | ||
| 100 |
_aAnthony L J Ed. _947398 |
||
| 245 | 0 | _aHandbook of special librarianship and information work | |
| 250 | _a5th | ||
| 260 |
_aLondon _bAslib _c1982 |
||
| 300 |
_a416p _ccm. |
||
| 650 | _aLIBRARY SCIENCE | ||
| 942 |
_h24g, M2 (2D) _cTEXL _2CC |
||
| 999 |
_c150047 _d150047 |
||